Quels pays et mers bordent l'Ukraine, nommez les pays et les mers - Statistiques

Statistiques générales
  • Ce quiz a été pris 45 fois
  • Le résultat moyen est 8 sur 9
Statistiques - réponses
Hint Réponse % Correct
Pays Russie
98%
Biélorussie
95%
Roumanie
95%
Pologne
93%
Mer Noire
86%
Moldavie
83%
Slovaquie
83%
Hongrie
79%
Mer d' Azov
55%
Aucun quiz correspondant
Distribution des résultats
% des personnes avec chaque résultat
Percentile par nombre de réponses
Votre historique - résultats
Vous n’avez pas pris ce quiz